000 00409nam a22001337a 4500
005 20250703161408.0
008 250703b |||||||| |||| 00| 0 eng d
050 _aBS2387
_b.L5 LIN
100 _aLINDARS BARNABAS
245 _aNEW TESTAMENT APOLOGETIC;
_bTHE DOCTRINAL SIGNIFICANCE OF THE OLD TESTAMENT QUOTATIONS
260 _aPHILADELPHIA
_bTHE WESTMINSTER PRESS
_cc1961
300 _a303p
942 _2lcc
_cBK
_n0
999 _c6839
_d6839